<?xml version="1.0" encoding="UTF-8"?>
<record
    xmlns:xsi="http://www.w3.org/2001/XMLSchema-instance"
    xsi:schemaLocation="http://www.loc.gov/MARC21/slim http://www.loc.gov/standards/marcxml/schema/MARC21slim.xsd"
    xmlns="http://www.loc.gov/MARC21/slim">

  <leader>01067nam a2200277   4500</leader>
  <controlfield tag="001">119924</controlfield>
  <controlfield tag="003">ES-MaACL</controlfield>
  <controlfield tag="005">20230906191426.0</controlfield>
  <controlfield tag="007">t|</controlfield>
  <controlfield tag="008">070214s1972    sp      r    ||||1| spa d</controlfield>
  <datafield tag="100" ind1="1" ind2=" ">
    <subfield code="a">Pintado, Antonio.</subfield>
    <subfield code="9">92203</subfield>
  </datafield>
  <datafield tag="245" ind1="1" ind2="3">
    <subfield code="a">La raya de Portugal </subfield>
    <subfield code="b">: la frontera del subdesarrollo / </subfield>
    <subfield code="c">Antonio Pintado, Eduardo Barrenechea.</subfield>
  </datafield>
  <datafield tag="260" ind1=" " ind2=" ">
    <subfield code="a">Madrid : </subfield>
    <subfield code="b">Cuadernos para el Di&#xE1;logo, </subfield>
    <subfield code="c">1972.</subfield>
  </datafield>
  <datafield tag="300" ind1=" " ind2=" ">
    <subfield code="a">292 p. : </subfield>
    <subfield code="b">1 mapa pleg. ; </subfield>
    <subfield code="c">18 cm.</subfield>
  </datafield>
  <datafield tag="490" ind1="1" ind2=" ">
    <subfield code="a">Divulgaci&#xF3;n universitaria. Le pell de brau ; </subfield>
    <subfield code="v">45</subfield>
  </datafield>
  <datafield tag="651" ind1=" " ind2=" ">
    <subfield code="a">Espa&#xF1;a-</subfield>
    <subfield code="x">Situaci&#xF3;n social-</subfield>
    <subfield code="y">1939-1975.</subfield>
    <subfield code="9">163951</subfield>
  </datafield>
  <datafield tag="651" ind1=" " ind2="4">
    <subfield code="a">Espa&#xF1;a-</subfield>
    <subfield code="x">Situaci&#xF3;n econ&#xF3;mica-</subfield>
    <subfield code="y">1939-1975.</subfield>
    <subfield code="9">163578</subfield>
  </datafield>
  <datafield tag="651" ind1=" " ind2="4">
    <subfield code="a">Portugal-</subfield>
    <subfield code="x">Situaci&#xF3;n social.</subfield>
    <subfield code="9">171773</subfield>
  </datafield>
  <datafield tag="651" ind1=" " ind2="4">
    <subfield code="a">Portugal-</subfield>
    <subfield code="x">Situaci&#xF3;n econ&#xF3;mica.</subfield>
    <subfield code="9">171772</subfield>
  </datafield>
  <datafield tag="651" ind1=" " ind2="4">
    <subfield code="a">Pen&#xED;nsula Ib&#xE9;rica-</subfield>
    <subfield code="x">Descripci&#xF3;n.</subfield>
    <subfield code="9">171774</subfield>
  </datafield>
  <datafield tag="700" ind1="1" ind2=" ">
    <subfield code="a">Barrenechea, Eduardo.</subfield>
    <subfield code="9">25909</subfield>
  </datafield>
  <datafield tag="710" ind1="2" ind2=" ">
    <subfield code="a">Cuadernos para el Di&#xE1;logo.</subfield>
    <subfield code="9">3333</subfield>
  </datafield>
  <datafield tag="830" ind1="1" ind2=" ">
    <subfield code="a">Divulgaci&#xF3;n universitaria. Le pell de brau ; </subfield>
    <subfield code="v">45</subfield>
    <subfield code="9">218636</subfield>
  </datafield>
  <datafield tag="852" ind1=" " ind2=" ">
    <subfield code="a">ES-MaACL</subfield>
    <subfield code="j">C-53175</subfield>
  </datafield>
  <datafield tag="999" ind1=" " ind2=" ">
    <subfield code="c">119924</subfield>
    <subfield code="d">119924</subfield>
  </datafield>
  <datafield tag="952" ind1=" " ind2=" ">
    <subfield code="0">0</subfield>
    <subfield code="1">0</subfield>
    <subfield code="4">0</subfield>
    <subfield code="7">0</subfield>
    <subfield code="a">ATENEOM</subfield>
    <subfield code="b">ATENEOM</subfield>
    <subfield code="c">DEPO2</subfield>
    <subfield code="d">2008-01-17</subfield>
    <subfield code="e">SC</subfield>
    <subfield code="l">0</subfield>
    <subfield code="o">C-53175</subfield>
    <subfield code="p">1125001</subfield>
    <subfield code="r">2023-02-23 00:00:00</subfield>
    <subfield code="w">2023-02-23</subfield>
    <subfield code="y">MONOGRAFIA</subfield>
  </datafield>
</record>
